| 000 | 00595nam a22001577a 4500 | ||
|---|---|---|---|
| 003 | MACL | ||
| 005 | 20170117122431.0 | ||
| 008 | 170117b xxu||||| |||| 00| 0 eng d | ||
| 040 | _cMACL | ||
| 082 | _a800/RAM | ||
| 100 |
_aराममनोहर लोहिया _966544 |
||
| 245 |
_aराममनोहर लोहिया रचनावली -1 _bमार्क्स गांधी अौर समाजवाद |
||
| 260 |
_aनई दिल्ली _bअनामिका पब्लिशर्स _c2013 |
||
| 650 |
_aरचनावली _9163 |
||
| 942 |
_2ddc _cHIN |
||
| 999 |
_c55913 _d55913 |
||